000 00762nam a2200205 a 4500
008 120416s1978 ||||||||||||||||| || u
020 _a0860940063
050 _aGB 561 Wes
100 _aWest, Elizabeth A
245 1 4 _aThe equilibrium of natural streams
246 _aa new theoretical approach providing a key to the understanding of longer-term fluvial processes
260 _aNorwich
_bGeo Abstracts Ltd
_c1978
300 _axiv, 205p.: ill.
350 _a0.00
490 _aGeo books
500 _aBibliography.
650 _aRivers
650 _aSedimentation and deposition
995 _D0.00
_FCBU-MAIN LIBRARY (Kitwe)
_H1
_I5.35
_M1
_UAVAILABLE
_WFeb 21, 2007
_ZMain Library Open Access Collection
999 _c42314
_d42314